000 00756cab a2200253 4500
001 ABS55465
008 090401t1996 xxu||||| |||| 00| 0 eng d
035 _a(Sirsi) u16675
041 _aeng
245 _aScarborough takes the stage
260 _c1996
350 _a0
490 _aArchitects` Journal
_v204(5) 1-8 August 1996, 23-29(7)
520 _aConversion of 1930s Grade II listed cinema for use by Alan Ayckbourn`s Theatre company based on the design of theatre in the round.
650 _a1930S BUILDINGS
650 _aCINEMAS
650 _aCONVERSION
650 _aCOST ANALYSIS
650 _aGRADE II LISTED BUILDING
650 _aTHEATRES
690 _aBUILDING AND CONSTRUCTION-PROJECTS
942 _n0
948 _c04/03/1997
999 _c11010
_d11010